000 01098nam a2200217 4500
003 CO-ViMGA
020 _a9789585667204
040 _aCO-ViMGA
_bspa
_cCO-ViMGA
082 0 4 _a910.916
_bP27d
100 1 _aPeters, Marilee,
_d1968
_913412
245 1 0 _a10 ríos que transformaron el mundo
_c Marilee Peters ; ilustraciones de Kim Rosen ; traducción del inglés de Julio Hermoso
260 _aBogotá
_b Distribuidora Comercial Didáctica
300 _a129 páginas
_bilustraciones en color ; 24 cm
490 _aPlan Nacional de Lectura y Escritura Leer es mi Cuento / Ministerio de Cultura
500 _aIncluye glosario de términos fluviales \ Incluye índice \ Recomendado para público adulto \ Título original: 10 rivers that shaped the world \ Incluye datos biográficos de la autora y la ilustradora al final del texto
650 1 4 _aGeografia Historica - Libros Ilustrados Juveniles
_913413
650 1 4 _aLibros Ilustrados Juveniles
_913414
650 1 4 _aRios - Historia - Libros Ilustrados Juveniles
_913415
700 1 _aRosen, Kim \ Hermoso Oliveras, Julio
_913416
942 _2ddc
_cBK
999 _c8558
_d8558